L'art grec /

Na minha lista:
Detalhes bibliográficos
Outros Autores: Boardman, John (autor) (autor), Dörig, Jose (autor) (autor), Fuchs, Werner (autor) (autor), Hirmer, Max (autor) (autor)
Formato: Livro
Idioma:francês
Publicado em: París, Francia : Flammarion, 1966, c1966
Assuntos:
Tags: Adicionar Tag
Sem tags, seja o primeiro a adicionar uma tag!

MARC

LEADER 00000nam^a2200000^a^4500
001 000346247
005 20250526000000.0
009 20260526141344.495
025 |a Donación Jorge Manzano Vargas, 1 ejemplar 
037 |a Acervo Xavier Clavigero 
041 |a FRA 
082 |a 709. 49501  |b ART 
245 0 2 |a L'art grec /  |c J. Boardman, J. Dörig, W. Fuchs, M. Hirmer. 
264 4 |a París, Francia :  |b Flammarion,  |c 1966, c1966 
300 |a 239 p. ;  |c 31.5 cm. (caja) 
336 |a texto  |b txt  |2 rdacontenido 
337 |a sin mediación  |b n  |2 rdamedio 
338 |a volumen  |b nc  |2 rdasoporte 
561 |a Ex libris manuscrito de Jesús Gómez Fregoso 
561 |a Ex libris de Jesús Gómez Fregoso 
591 |a Obra contenida en una caja (1 volumen) 
649 |a XX 
650 |a Arte Griego -  |x Historia y Crítica -  |x Tema Principal 
650 |a Arte Clásico -  |x Historia y Crítica 
650 |a Grecia -  |x Historia Antigua 
700 |a Boardman, John  |e (autor) 
700 |a Dörig, Jose  |e (autor) 
700 |a Fuchs, Werner  |e (autor) 
700 |a Hirmer, Max  |e (autor) 
910 |a Fondo Jesús Gómez Fregoso S.J. FXC 
920 |a Impresos - Libros 
930 |a Libros Antiguos y Raros 
905 |a 110 
901 |a 0500236714  |b IT2  |c LRA  |i FXC D  |u 20250526 
902 |a https://opac.biblio.iteso.mx/vufind/Record/000346247